01402nam a2200265 a 4500008004100000020001800041050001900059100002800078245015700106250001600263260003700279300005900316350001100375490002800386490001000414650002900424650002800453700001900481700002300500995016000523995016000683999001700843952013800860952013800998190514s2016 ||||||||||||||||| || u a9780128050552 aQL 638.C94 Zeb aDetrich, William H. III14aThe zebrafish: cellular and developmental biology, Part B developmental biologycEdited by H. William Detrich III , Monte Westerfield and Leonard I. Zon a4th edition aAmsterdam:bAcademic Pressc2016 axviii, 642 pages, [20] pages of plates : illustrations a156.29 aMethods in cell biology vv.134 aZEBRA DANIO--DEVELOPMENT aZEBRA DANIO--PHYSIOLOGY aZon, Leonard I aWesterfield, Monte aMAIN LIBRARY OPEN ACCESSe748983FCBU-MAIN LIBRARY (Kitwe)I156.29jQL 638.C94 ZebM2UAVAILABLEWMay 24, 2019y748983ZMain Library Open Access Collection aMAIN LIBRARY OPEN ACCESSe748982FCBU-MAIN LIBRARY (Kitwe)I156.29jQL 638.C94 ZebM1UAVAILABLEWMay 24, 2019y748982ZMain Library Open Access Collection c83438d83438 00102lcc4070a001b001cMain Library Open Access Collectiond2023-10-30l0oQL 638.C94 Zebp748983r2023-10-30t1w2023-10-30y002 00102lcc4070a001b001cMain Library Open Access Collectiond2023-10-30l0oQL 638.C94 Zebp748982r2023-10-30t2w2023-10-30y002